Indian states by population - Statistics

General Stats
  • This quiz has been taken 67 times
  • The average score is 28 of 36
Answer Stats
Population First State % Correct
237,882,743 U Uttar Pradesh
98%
99,609,362 W West Bengal
94%
123,144,268 M Maharashtra
92%
124,799,940 B Bihar
90%
67,562,717 K Karnataka
90%
77,841,360 T Tamil Nadu
90%
35,607,095 A Assam
88%
63,872,484 G Gujarat
88%
46,356,399 O Odisha
88%
39,362,796 T Telangana
88%
18,710,962 D Delhi
86%
85,359,045 M Madhya Pradesh
86%
81,032,730 R Rajasthan
86%
29,436,277 C Chhattisgarh
84%
28,204,746 H Haryana
84%
30,141,462 P Punjab
84%
53,903,421 A Andhra Pradesh
82%
13,606,351 J Jammu and Kashmir
82%
38,593,935 J Jharkhand
82%
35,699,404 K Kerala
82%
11,250,962 U Uttarakhand
82%
7,452,050 H Himachal Pradesh
80%
2,249,758 N Nagaland
78%
1,586,312 G Goa
76%
3,091,562 M Manipur
76%
690,333 S Sikkim
73%
289,073 L Ladakh
71%
3,366,739 M Meghalaya
71%
1,239,201 M Mizoram
71%
417,042 A Andaman and Nicobar islands
69%
1,570,512 A Arunachal Pradesh
69%
4,169,816 T Tripura
67%
1,158,592 C Chandigarh
65%
73,265 L Lakshadweep
65%
1,413,565 P Puducherry
65%
615,722 D Dadra and Nagar Haveli and Daman and Diu
24%
No matching quizzes found
Score Distribution
Percent of People with Each Score
Percentile by Number Answered
Your Score History
You have not taken this quiz